Small industry in Malaysia

Bibliographic Details
Main Author: CHEE Peng Lim
Format: Book
Published: Kuala Lumpur : Berita Publishing , 1986
Subjects:

MARC

LEADER 00000cam a2200000 7i4500
001 0000001189
005 20150819.0
020 |a 967969044x 
040 |a INS 
090 0 0 |a HD2346.M4   |b C55 1986 
100 1 |a CHEE Peng Lim 
245 1 0 |a Small industry in Malaysia   |c Chee Peng Lim 
260 |a Kuala Lumpur :   |b Berita Publishing ,   |c 1986 
300 |a xiv, 154p ;   |c 23cm. 
650 0 |a Business enterprises   |z Malaysia 
650 0 0 |a Small business   |z Malaysia 
999 |a 0000003434   |b BOOK   |c Open Shelf   |e Default branch 
999 |a 0000022643   |b BOOK   |c Open Shelf   |e Default branch